000 00697nam a2200253Ia 4500
003 OSt
005 20221005045728.0
006 a|||||r|||| 00| 0
007 ta
008 221004b |||||||| |||| 00| 0 ben d
020 _a8187098120 (hbk)
024 _a22558
037 _bGift, 06/10/2015,
_cTextual
040 _aCRL
_cCRL
_bben
041 _2ben
_aben
082 _aO157,3NDE,RD, P9
100 _aPanchkari D. C.
_9593956
245 0 _aRaghu dakata
260 _aKolkata
_bKulol India
_c2009
300 _a128p.
_ccm.
650 _aBENGALI LITERATURE
942 _hO157,3NDE,RD, P9
_cTEXL
_2cc
999 _c955611
_d955611